000 00920nmm a2200277 a 4500
001 ocm000955203
003 TR-IsHL
005 20201028150154.0
008 150110s2014 tu tur
007 cr cn
020 _a9786054708420
035 _a955203
_b(N$T)
050 0 4 _aPG1619.29.T47
_bD8919 2014
090 0 4 _aPG1619.29.T47
_bD8919 2014
100 1 _aŠtiks, Igor
245 1 0 _aKeşiş: Drovac şatosu
_h[electronic resource] /
_cIgor Štiks ; Hırvatça aslından çeviren Mehmet Işıker
260 _aİstanbul :
_bDedalus Kitap,
_c2014
300 _a121 p.
650 4 _aDil ve Edebiyat
650 4 _aLanguage and Literature
650 0 _aHırvat romanı
650 0 _aCroatian fiction
650 7 _aLITERARY COLLECTIONS / European / General
_2bisacsh
700 1 _aIşıker, Mehmet
856 4 0 _uhttp://search.ebscohost.com/login.aspx?direct=true&scope=site&db=e011xww&AN=955203
999 _c10330
_d10330